| 000 | 00871nam a2200253 a 4500 | ||
|---|---|---|---|
| 001 | BRCA_5066 | ||
| 005 | 20190320204926.0 | ||
| 008 | 081110s1958----u--a######---#000-0#eng-# | ||
| 041 | _aeng | ||
| 044 | _au | ||
| 050 | 4 |
_aNC31 _b.D73 1958 |
|
| 245 | 1 | 0 | _aDrawings from the collections of Curtis O. Baer. |
| 260 |
_aCambridge, Massachusetts _bFogg Art Museum _c1958 |
||
| 300 |
_a75 p. _bil., 61 láminas _c22 cm. |
||
| 500 | _aCatálogo de la exposición realizada en The Fogg Art Museum (Cambridge, Massachusetts), 11 enero - 25 febrero, 1958 | ||
| 500 | _aDD28 | ||
| 600 | 1 | 4 |
_aBaer, Curtis O. _912919 |
| 650 | 1 | 4 |
_aDibujos _vCatálogos _xColecciones particulares _912920 |
| 650 | 1 | 4 |
_aGalerías y museos _zEstados Unidos _97437 |
| 650 | 1 | 4 |
_aArte _xColecciones particulares _97906 |
| 650 | 1 | 4 |
_aColeccionistas y colecciones _912921 |
| 902 | _aGFM | ||
| 942 |
_2lcc _cB |
||
| 999 |
_c4760 _d4760 |
||